| 000 | 00998nam a2200241Ia 4500 | ||
|---|---|---|---|
| 008 | 0000001983 usa 0000000000eng00 | ||
| 020 | _a897970063 | ||
| 090 | _aPSP00 Q83d1 | ||
| 100 | 1 |
_aQuintero, Daniel _d1949 |
|
| 245 | 1 | 0 |
_aDaniel Quintero _b: recent paintings and drawings |
| 300 |
_a20 p. _c/ 30 cm. |
||
| 500 | _aExposición realizada en Marlborough Gallery de Nueva York entre el 3 y el 31 de diciembre de 1983 y en Marlborough Fine Art de Londres entre el 25 de enero y el 25 de febrero de 1984 \ Incluye datos biográficos y cronología artística \ Texto en inglés | ||
| 600 | 0 | 0 |
_a QUINTERO, DANIEL, 1949/ _xTRABAJOS PICTORICOS |
| 650 | 1 | 4 | _a PINTURA ESPAÑOLA |
| 650 | 1 | 4 | _aARTE CONTEMPORANEO ESPAÑOL |
| 650 | 1 | 4 | _xCATALOGOS |
| 650 | 1 | 4 | _aDIBUJO AL CARBONCILLO |
| 650 | 1 | 4 | _aDIBUJOS ESPAÑOLES |
| 650 | 1 | 4 | _xEXPOSICIONES |
| 650 | 1 | 4 | _aPINTORES ESPAÑOLES |
| 650 | 1 | 4 | _aPINTURA DE RETRATOS ESPAÑOLA |
| 999 |
_c15733 _d15733 |
||
| 260 |
_aNew York : Marlborough Gallery _c1983 |
||